Datum a čas kvízu

34 Celkem bodů Celkový počet nahraných bodů na tomto kvízu bez doplňovacích otázek.
11. Pořadí na kvízu Konečné umístění týmu na tomto kvízu.

Zaznamenané odpovědi

# Otázka Odpověď Body Výsledky
1. Který známý český youtuber vyb... Radek Starý (Sterakdary) 0
2. Zohran Mamdani se minulý týden... bude starostou New Yorku 1
3. 46letá polsko-italská herečka... C) je zastánkyní práva na potrat 1
4. Ke 100. výročí založení Národn... guvernér ČNB; Aleš Michl 1
5. Který český fotbalový klub by... FC Baník Ostrava 1
6. První novodobé hry se konaly v... C 1
7. U maratonu ještě zůstaneme. Me... v Římě, běžel bosky 0.5
8. V roce 1976 v Montrealu k finá... 14 let (13 nebo 15 let za půl bodu) 0.5
9. Nyní se přeneseme na olympijsk... Kateřina Kůrková, Matthew Emmons 0.5
10. Na závěr postupně uslyšíte tři... 3, 2, 1 0